Detalles MARC
| 000 -ENCABEZADO |
| Número de control [NR] |
04065nam a22004337i 4500 |
| 001 - NÚMERO DE CONTROL |
| control field |
B-12136 |
| 003 - IDENTIFICADOR DE CONTROL NÚMERO |
| control field |
CO-BoFNCP |
| 007 - CAMPO DESCRIPCIÓN FÍSICA FIJA - INFORMACIÓN GENERAL |
| fixed length control field |
t|| |
| 008 - DE LONGITUD FIJA DE DATOS DE ELEMENTOS - INFORMACIÓN GENERAL |
| Elementos de longitud fija [NR] |
090806s2009 ck r spa d |
| 040 ## - FUENTE DE CATALOGACION [NR] |
| Agencia de catalogación original [NR] |
CO-BoFNCP |
| Idioma de catalogación [NR] |
Español |
| Quien Cataloga |
CO-BoFNCP |
| Convenciones de la descripción [NR] |
rda |
| 041 ## - CODIGO DE IDIOMA [R] |
| Código de idioma para texto/pista de sonido o título separado [R] |
Español |
| 043 ## - CODIGO DE AREA GEOGRAFICA [NR] |
| Código de área geográfica [R] |
ck |
| 084 ## - OTRO NUMERO DE CLASIFICACION [R] |
| Número clasificador [R] |
A- |
| 100 1# - ASIENTO PRINCIPAL--NOMBRE PERSONAL [NR] |
| Nombre personal [NR] |
Yáñez A., Edgar E. |
| ID Autoridad |
38534, |
| Término relacionador [R] |
autor. |
| Relator code |
aut |
| 245 10 - MENCION DE TITULO [NR] |
| Título [NR] |
Biocombustibles, medio ambiente, tecnología y seguridad alimentaria. |
| 246 2# - FORMA VARIANTE DEL TITULO [R] |
| Título propiamente dicho/forma breve del título [NR] |
Biofuels: environment, technology and food security |
| 264 #4 - PRODUCCIÓN, PUBLICACIÓN, DISTRIBUCIÓN, FABRICACIÓN Y COPYRIGHT |
| Fecha de producción, publicación, distribución, fabricación o copyright |
©2009 |
| 300 ## - DESCRIPCION FISICA [R] |
| Extensión [R] |
páginas 71-91 : |
| Otros detalles físicos [NR] |
Tablas, gráficos. |
| 336 ## - TIPO DE CONTENIDO |
| Término de tipo de contenido |
texto |
| Código de tipo de contenido |
txt |
| Fuente |
rdacontent |
| 337 ## - TIPO DE MEDIO |
| Nombre/término del tipo de medio |
sin mediación |
| Código del tipo de medio |
n |
| Fuente |
rdamedia |
| 338 ## - TIPO DE SOPORTE |
| Nombre/término del tipo de soporte |
volumen |
| Código del tipo de soporte |
nc |
| Fuente |
rdacarrier |
| 500 ## - NOTA GENERAL [R] |
| Nota general [NR] |
Contiene resumen en español e inglés. |
| 504 ## - NOTA DE BIBLIOGRAFIA, ETC. [R] |
| Nota de bibliografía, etc. [NR] |
Incluye referencias bibliográficas. |
| 520 ## - NOTA DE RESUMEN, ETC. [R] |
| Nota de sumario, etc. [NR] |
La inminente decadencia de la producción mundial de petróleo, aunada al elevado costo de este combustible fósil y a las evidentes amenazas ambientales que trae consigo, han hecho que se intensifique el uso de biocombustibles y en consecuencia su la producción haya alcanzado volúmenes inusitados en los últimos diez años. Lo cual ha generado intensos debates promovidos por organismos internacionales y líderes políticos. Este artículo presenta el estado del arte de la producción actual de biocombustibles en el mundo y evalúa las causas del incremento de su demanda. También discute las opciones existentes de materia prima y rutas tecnológicas, así como aspectos de costo de producción y la relación de su viabilidad económica con los precios internacionales del petróleo. De igual forma, presenta algunos aspectos ambientales, la evaluación de impactos de programas de incentivo para la producción de biocombustibles con la herramienta "análisis de ciclo de vida", los requerimientos en tierras cultivables y los impactos sobre la producción de alimentos. Se concluye que el aumento de la utilización de biocombustibles es inevitable, y que deben establecerse marcos reguladores nacionales e internacionales que pongan límites a la exploración de tierras y a los impactos consecuentes de la producción de biocombustibles, así como condiciones adecuadas de trabajo y remuneración digna para los trabajadores. |
| 520 ## - NOTA DE RESUMEN, ETC. [R] |
| Nota de sumario, etc. [NR] |
The imminent decline of the world's oil production, its high market prices and environmental impacts have made the production of biofuels reach unprecedented volumes over the last ten years. This is why there have been intense debates promoted by international organizations and political leaders in order to discuss the impacts of the biofuel use intensification. Besides assessing the causes of the rise in the demand and production of biofuels, this paper also shows the state of the art of its world's current production. It also discusses different vegetable sources and technological paths to produce biofuels, as well as issues regarding production cost and the relation of its economic feasibility with oil international prices. The environmental impacts of programs that encourage biofuel production, farmland and requirements and the impacts on food production are also discussed, considering the life cycle analysis as a tool. It is concluded that the rise in the use of biofuels is inevitable and that international and national regulations must be established regarding the use of land and the environmental impacts caused by biofuel production. It is also mandatory to establish appropriate working conditions and decent remuneration for workers. |
| 650 #0 - ASIENTO SECUNDARIO DE MATERIA - TERMINO TEMATICO [R] |
| Término temático o nombre geográfico como elemento de entrada [NR] |
Aceite de palma |
| 9 (RLIN) |
29635. |
| 650 #0 - ASIENTO SECUNDARIO DE MATERIA - TERMINO TEMATICO [R] |
| Término temático o nombre geográfico como elemento de entrada [NR] |
Biocombustibles |
| 9 (RLIN) |
29861. |
| 650 #0 - ASIENTO SECUNDARIO DE MATERIA - TERMINO TEMATICO [R] |
| Término temático o nombre geográfico como elemento de entrada [NR] |
Bioetanol |
| 9 (RLIN) |
29867. |
| 650 #0 - ASIENTO SECUNDARIO DE MATERIA - TERMINO TEMATICO [R] |
| Término temático o nombre geográfico como elemento de entrada [NR] |
Medio ambiente. |
| 9 (RLIN) |
16002 |
| 650 #0 - ASIENTO SECUNDARIO DE MATERIA - TERMINO TEMATICO [R] |
| Término temático o nombre geográfico como elemento de entrada [NR] |
Seguridad alimentaria |
| 9 (RLIN) |
38649. |
| 700 1# - ASIENTO SECUNDARIO - NOMBRE PERSONAL [R] |
| Nombre personal [NR] |
Almazán, Oscar |
| 9 (RLIN) |
41874. |
| 700 1# - ASIENTO SECUNDARIO - NOMBRE PERSONAL [R] |
| Nombre personal [NR] |
Castillo, Edgar F. |
| 9 (RLIN) |
41875. |
| 700 1# - ASIENTO SECUNDARIO - NOMBRE PERSONAL [R] |
| Nombre personal [NR] |
Escobar, José C. |
| 9 (RLIN) |
41876. |
| 700 1# - ASIENTO SECUNDARIO - NOMBRE PERSONAL [R] |
| Nombre personal [NR] |
Lora, Electo S. |
| 9 (RLIN) |
41877. |
| 700 1# - ASIENTO SECUNDARIO - NOMBRE PERSONAL [R] |
| Nombre personal [NR] |
Venturini, Osvaldo J. |
| 9 (RLIN) |
41353. |
| 773 0# - ASIENTO DEL ITEM FUENTE [R] |
| Asiento principal [NR] |
Palmas (Colombia) |
| Información sobre la relación [R] |
v. 30, no. 1 (2009), p.71-91 |
| Número de control del registro [R] |
A- |
| Número Internacional Normalizado para Publicaciones Seriadas - ISSN [NR] |
0121-2923 |
| 942 ## - ELEMENTOS DE ENTRADA AGREGADOS (KOHA) |
| Sistema de clasificación |
Local |
| Tipo de ítem principal el descrito en 300a |
Artículo |
| 999 ## - NÚMEROS DE SISTEMAS DE CONTROL (KOHA) |
| Koha biblionumber |
26553 |